Research design and methods :a process approach (Record no. 6839)
[ view plain ]
| 000 -LEADER | |
|---|---|
| fixed length control field | 00554 a2200181 4500 |
| 020 ## - INTERNATIONAL STANDARD BOOK NUMBER | |
| International Standard Book Number | 0-07-113133-7 |
| 040 ## - CATALOGING SOURCE | |
| Original cataloging agency | DLC |
| Language of cataloging | English |
| 082 0# - DEWEY DECIMAL CLASSIFICATION NUMBER | |
| Classification number | 150.72 |
| 100 1# - MAIN ENTRY--PERSONAL NAME | |
| Personal name | Bordens, Kenneth S. |
| 245 00 - TITLE STATEMENT | |
| Title | Research design and methods :a process approach |
| Statement of responsibility, etc. | Kenneth S. Bordens and Bruce B. Abbott |
| 250 ## - EDITION STATEMENT | |
| Edition statement | 5th ed |
| 260 ## - PUBLICATION, DISTRIBUTION, ETC. | |
| Place of publication, distribution, etc. | New York ; |
| -- | London : |
| Name of publisher, distributor, etc. | McGraw-Hill, |
| Date of publication, distribution, etc. | 2001 |
| 300 ## - PHYSICAL DESCRIPTION | |
| Extent | xv, 490, [49] s.: |
| Other physical details | diagr., tab. |
| 650 #7 - SUBJECT ADDED ENTRY--TOPICAL TERM | |
| Topical term or geographic name entry element | Psychology |
| General subdivision | Research |
| 650 #7 - SUBJECT ADDED ENTRY--TOPICAL TERM | |
| Topical term or geographic name entry element | Psychology |
| General subdivision | Methodology |
| 700 1# - ADDED ENTRY--PERSONAL NAME | |
| Personal name | Abbott, Bruce B. |
| Relator code | aut |
| 942 ## - ADDED ENTRY ELEMENTS (KOHA) | |
| Koha item type | Book |
| Call number prefix | 150.72 BOR |
| Source of classification or shelving scheme | |
| Withdrawn status | Lost status | Damaged status | Not for loan | Collection code | Permanent Location | Current Location | Shelving location | Date acquired | Source of acquisition | Cost, normal purchase price | Total Checkouts | Total Renewals | Full call number | Barcode | Date last seen | Date last checked out | Price effective from | Koha item type |
|---|---|---|---|---|---|---|---|---|---|---|---|---|---|---|---|---|---|---|
| Central Library (CL) | Central Library (CL) | General Stacks | 03/31/2003 | Allied Book Company | 1361.31 | 1 | 1 | 150.72 BOR | SEECS003317 | 01/31/2023 | 10/26/2021 | 01/05/2017 | Book |
